| 000 | 01331cam a2200361 a 4500 | ||
|---|---|---|---|
| 001 | 000006663 | ||
| 005 | 20200929153954.0 | ||
| 008 | 930519s1992 ec b 000 0 spa | ||
| 020 | _a9978840257 (colección) | ||
| 020 | _a997884158X (vol. 36) | ||
| 040 |
_aDO-SdBNP _cDLC |
||
| 082 |
_a370.196 _bA973p |
||
| 245 | 0 | 0 |
_aPueblos indios, estado y derecho / _cEnrique Ayala ... [et al.]. |
| 260 |
_aQuito, Ecuador : _bCorporación Editora Nacional, _c1992. |
||
| 300 |
_a226, [1] p. ; _c21 cm. |
||
| 490 | 1 |
_aBiblioteca de ciencias sociales _vv. 36 |
|
| 504 | _aIncluye referencias bibliográficas. | ||
| 650 | 4 |
_aEtnología _xCondiciones sociales _918527 |
|
| 650 | 4 |
_aIndios de sur américa _xEstatus legal, leyes, etc. _zEcuador _918528 |
|
| 650 | 4 |
_aMinorias _xEstatus legal, leyes, etc. _zEcuador _918529 |
|
| 700 | 1 |
_aCruz, Rodrigo de la _918530 |
|
| 700 | 1 |
_aKowii, Ariruma _918531 |
|
| 700 | 1 |
_aMaldonado, Luis E. _918532 |
|
| 700 | 1 |
_aOrtíz Crespo, Gonzalo _918533 |
|
| 700 | 1 |
_aQuimbo, José _918534 |
|
| 700 | 1 |
_aValarezo, Galo Ramón _918535 |
|
| 700 | 1 |
_aSánchez Parga, José _918536 |
|
| 700 | 1 |
_aTrujillo, Julio Cesar _918537 |
|
| 700 | 1 |
_aWray, Alberto _918538 |
|
| 700 | 1 |
_aAyala Mora, Enrique _918049 |
|
| 830 | 0 |
_aBiblioteca de ciencias sociales ; _vv. 36 _918539 |
|
| 910 | _aCatalogación por copia / LC | ||
| 999 |
_c6452 _d6452 |
||